Biblioteca

When Christians were Jews : (Registro nro. 67480)

Detalles MARC
000 -LÍDER
Campo fijo de descripción fija 02397cam a2200349 i 4500
001 - NÚMERO DE CONTROL
Campo de control 768714001
003 - IDENTIFICADOR DEL NÚMERO DE CONTROL
Campo de control CO-MdFUSB
005 - FECHA Y HORA DE LA ULTIMA TRANSACCIÓN
control field 20220411125330.0
007 - CAMPO FIJO DE DESCRIPCIÓN FIJA--INFORMACIÓN GENERAL
Campo fijo de descripción fija ta
008 - ELEMENTOS DE LONGITUD FIJA -- INFORMACIÓN GENERAL
Campo fijo de descripción fija -- Información general 180317t20182018ctua b 001 0 eng d
020 ## - NÚMERO INTERNACIONAL NORMALIZADO PARA LIBROS
Número Internacional Normalizado del libro 0300190514
040 ## - FUENTE DE CATALOGACIÓN
Agencia de catalogación original YDX
Idioma de catalogación eng
Convenciones de la descripción rda
Agencia que realiza la transcripción CO-MdFUSB
Agencia que realiza la modificación TYC
-- OCLCF
-- PTS
-- NYP
-- WCM
-- L2U
-- QGE
-- IGA
-- CHVBK
-- LNT
-- OCLCO
-- UKMGB
-- RB0
-- NJB
-- NDD
-- JBG
-- WUT
-- JRI
041 ## - CÓDIGO DE IDIOMA
Código de idioma para texto/pista de sonido o título separado eng
082 04 - NÚMERO DE CLASIFICACIÓN DECIMAL DEWEY
Número de clasificación 270.1
Número de la edición del Dewey 23
Clave de autor-Numero de item F852
100 1# - ASIENTO PRINCIPAL--NOMBRE PERSONAL
Nombre personal Fredriksen, Paula,
Término relacionador autor
245 10 - TÍTULO
Título del Material When Christians were Jews :
Parte restante del título - Subtitulo the first generation
Mención de responsabilidad, etc. / Paula Fredriksen.
264 #1 - PRODUCCIÓN, PUBLICACIÓN, DISTRIBUCIÓN, MANUFACTURA, Y COPYRIGHT
Lugar de producción, publicación, distribución, manufactura New Haven :
Nombre del productor, publicador, distribuidor Yale University Press,
Fecha de producción, publicación, distribución, manufactura, o copyright [2018]
264 #4 - PRODUCCIÓN, PUBLICACIÓN, DISTRIBUCIÓN, MANUFACTURA, Y COPYRIGHT
Fecha de producción, publicación, distribución, manufactura, o copyright ©2018.
300 ## - DESCRIPCIÓN FÍSICA
Extensión 261 páginas :
Otros detalles físicos ilustraciones ;
Dimensiones 22 cm.
336 ## - TIPO DE CONTENIDO
Término de tipo de contenido texto
Código de tipo de contenido txt
Fuente rdacontent.
337 ## - TIPO DE MEDIO
Nombre del tipo de medio sin mediación
Código del tipo de medio n
Fuente rdamedia.
338 ## - TIPO DE SOPORTE
Nombre del tipo de soporte volumen
Código Tipo de soporte nc
Fuente rdacarrier.
504 ## - NOTA DE BIBLIOGRAFÍA, ETC.
Nota de bibliografía, etc Incluye referencias bibliográficas (páginas 229-238) e índices.
505 ## - NOTA DE CONTENIDO
Nota de contenido con formato preestablecido Hasta Jerusalén -- El monte santo de Dios -- Del milagro a la misión -- Comenzando desde Jerusalén -- Los fines de los siglos.
520 ## - NOTA DE RESUMEN, ETC.
Nota de sumario, etc. ¿Cómo un grupo de carismáticos y apocalípticos misioneros judíos, trabajando para preparar su mundo para la realización inminente de las promesas de Dios a Israel, terminó por inaugurar un movimiento que se convertiría en la iglesia gentil? Comprometidos con la profecía de Jesús - "¡El Reino de Dios se ha acercado!" - eran, a sus propios ojos, la última generación de la historia. Pero a los ojos de la historia, se convirtieron en los primeros cristianos. En esta electrizante historia social e intelectual, Paula Fredriksen responde a esta pregunta reconstruyendo la vida de la primera comunidad de Jerusalén. A medida que su relato se extiende desde la esperanzada celebración de la Pascua con Jesús de este grupo, a través de sus amargas controversias que fragmentaron las misiones del movimiento a mediados de siglo, hasta el final ardiente de la ciudad en la destrucción romana de Jerusalén, ella da vida a esta vibrante comunidad apostólica. Fredriksen ofrece un retrato vívido tanto de este movimiento mesiánico centrado en el templo como de las convicciones fundamentales que lo animaron y lo sustentaron.
563 ## - NOTA DE ENCUADERNACIÓN
Nota de encuadernación Pasta dura
650 #7 - ASIENTO SECUNDARIO DE MATERIA - TERMINO TEMÁTICO
Término temático o nombre geográfico como elemento de entrada Iglesia
9 (RLIN) 659
Subdivisión general Historia
Subdivisión cronológica (Iglesia primitiva), ca. 0030-0600
655 #7 - TERMINO DE INDIZACION - GENERO/FORMA
Datos o término principal de género/forma History.
942 ## - TIPO DE MATERIAL (KOHA)
Tipo de Item KOHA Libros General
945 ## - INFORMACIÓN LOCAL DEL REGISTRO
Catalogador JTF-925
Existencias
Estado de Material Estado de Perdido Forma de Clasificación Estado de Dañado No para Préstamo Colección Biblioteca de Origen Biblioteca Permanente Fecha de Adquisición Área Total de Préstamos Signatura Topográfica Código de Barras Última vez visto Última vez Préstado Ejemplar/Existencia Fecha de Remplazo Tipo de Material
    Dewey Decimal Classification     Colección General Biblioteca FUSBC Biblioteca FUSBC 15/03/2022 ECLESIOLOGÍA 1 G 270.1 F852w 21626 28/07/2023 26/07/2023 Ej.1 15/03/2022 Libros General

Biblioteca FUSBC | Teléfono: (57+4) 349 88 10 Ext. 141| WhatsApp (+57) 3005338115 
E-mail: biblioteca@unisbc.edu.co | Calle 76 87-14 Robledo Palenque, Medellín, Colombia

Con tecnología Koha